000 00615nam a2200181Ia 4500
008 090124s9999 xx 000 0 und d
082 _b101666
100 _aकाणेकर अनंत
245 _a धुक्यातून लाला ताऱ्याकडे
250 _a1
260 _c1940
300 _a200
600 _aकाणेकर अनंत
630 _a धुक्यातून लाला ताऱ्याकडे
700 _aकाणेकर अनंत
730 _a धुक्यातून लाला ताऱ्याकडे
942 _cBOOK
999 _c147758
_d147758